Haiti : Staff-Monitored Program-Press Release; and Staff Report.

Since 2018, Haiti has experienced a protracted political crisis, repeated country lock-downs and civil unrest, an earthquake, the assassination of its president and a deep recession. Policymakers face economic imbalances, a surge in gang violence, worsening poverty conditions, and dire social challe...

সম্পূর্ণ বিবরণ

গ্রন্থ-পঞ্জীর বিবরন
সংস্থা লেখক: International Monetary Fund. Western Hemisphere Dept.
বিন্যাস: পত্রিকা
ভাষা:English
প্রকাশিত: Washington, D.C. : International Monetary Fund, 2022.
মালা:IMF Staff Country Reports; Country Report ; No. 2022/207
বিষয়গুলি:
অনলাইন ব্যবহার করুন:Full text available on IMF
LEADER 01612cas a2200289 a 4500
001 AALejournalIMF022779
008 230101c9999 xx r poo 0 0eng d
020 |c 20.00 USD 
020 |z 9798400216008 
022 |a 1934-7685 
040 |a BD-DhAAL  |c BD-DhAAL 
110 2 |a International Monetary Fund.  |b Western Hemisphere Dept.. 
245 1 0 |a Haiti :   |b Staff-Monitored Program-Press Release; and Staff Report. 
264 1 |a Washington, D.C. :  |b International Monetary Fund,  |c 2022. 
300 |a 1 online resource (95 pages) 
490 1 |a IMF Staff Country Reports 
500 |a <strong>Off-Campus Access:</strong> No User ID or Password Required 
500 |a <strong>On-Campus Access:</strong> No User ID or Password Required 
506 |a Electronic access restricted to authorized BRAC University faculty, staff and students 
520 3 |a Since 2018, Haiti has experienced a protracted political crisis, repeated country lock-downs and civil unrest, an earthquake, the assassination of its president and a deep recession. Policymakers face economic imbalances, a surge in gang violence, worsening poverty conditions, and dire social challenges aggravated by years of political instability. 
538 |a Mode of access: Internet 
650 7 |a International Agreements and Observance  |2 imf 
650 7 |a International Organizations  |2 imf 
650 7 |a Monetary Policy  |2 imf 
651 7 |a Haiti  |2 imf 
830 0 |a IMF Staff Country Reports; Country Report ;  |v No. 2022/207 
856 4 0 |z Full text available on IMF  |u https://elibrary.imf.org/openurl?genre=journal&issn=1934-7685&volume=2022&issue=207  |z IMF e-Library